| 000 | 00903cab a2200253 4500 | ||
|---|---|---|---|
| 001 | WB2421-33 | ||
| 008 | 090401t1988 xxu||||| |||| 00| 0 eng d | ||
| 035 | _a(Sirsi) u25482 | ||
| 041 | _aeng | ||
| 245 | _aSouth-West takes its lead from France | ||
| 260 | _c1988 | ||
| 350 | _a0 | ||
| 490 |
_aFinancial Times _v23/5/88 p4 |
||
| 520 | _aPrivate businesses and local authorities in Devon and Cornwall are forming a joint development body to boost economic prospects for the two areas. The aim is to follow the example of regional authorities in Brittany , whose co-ordinated efforts led to the construction of roads, a port and a university. | ||
| 650 | _aEEC | ||
| 650 | _aENGLISH CHINA CLAYS | ||
| 650 | _aGRANTS | ||
| 650 |
_aInfrastructure _96246 |
||
| 650 | _aPLYMOUTH | ||
| 650 | _aREGIONAL DEVELOPMENT | ||
| 690 | _aPLANNING LAW AND PRACTICE | ||
| 942 | _n0 | ||
| 948 | _c04/03/1997 | ||
| 999 |
_c17111 _d17111 |
||